[Event "Wch U20"]
[Site "Santiago"]
[Date "1990.??.??"]
[Round "6"]
[White "Peralta, Eduardo"]
[Black "Nunez, A."]
[Result "1/2-1/2"]
[WhiteElo "2255"]
[BlackElo "2300"]

1.e4 c5 2.Nf3 e6 3.Nc3 a6 4.d4 cxd4 5.Nxd4 Qc7 6.Be2 Nf6 7.O-O d6 8.Be3 Be7
9.f4 O-O 10.Qe1 b5 11.Bf3 Bb7 12.a3 Nbd7 13.Qg3 Nc5 14.e5 Nfe4 15.Nxe4 Nxe4
16.Bxe4 Bxe4 17.Rad1 dxe5 18.fxe5 Bg6 19.c3 Rad8 20.Rd2 Rd5 21.Bf4 Rfd8 22.Rfd1 Bc5
23.Qf3 Qb6 24.Kh1 Bxd4 25.Rxd4 Rxd4 26.Rxd4 h6 27.Be3 Rxd4 28.Bxd4 Qa5 29.h3 Qa4
30.Kh2 Kh7 31.Qf2 Qc2  1/2-1/2

[Event "URS Army-chT"]
[Site "Simferopol"]
[Date "1990.??.??"]
[Round "?"]
[White "Korsunsky, Rostislav R"]
[Black "Cherepkov, Alexander V"]
[Result "0-1"]
[WhiteElo "2385"]
[BlackElo "2430"]

1.e4 c5 2.Nf3 e6 3.Nc3 a6 4.d4 cxd4 5.Nxd4 b5 6.Bd3 Bb7 7.O-O Qc7 8.Re1 Bc5
9.Bf1 Ne7 10.Nb3 Bd6 11.Qh5 Be5 12.Bg5 Ng6 13.Rad1 d6 14.Nd4 Nd7 15.Re3 Bxd4
16.Rxd4 Qc5 17.Red3 Nf6 18.Rxd6 O-O 19.b4 Qe5 20.f4 Nxf4 21.Qh4 Nxd3 22.Rxd3 Nxe4
23.Nxe4 Qxe4 24.Qf2 f6 25.Be3 Rfd8 26.Bc5 Rxd3 27.Bxd3 Qd5 28.a3 Rd8 29.h3 Qg5
30.Be3 Qe5 31.Bf4 Qd5 32.Be3 Qa2 33.Kh2 Qxa3 34.Qg3 Qxb4 35.Qc7 Qd6+  0-1

[Event "Wch U18"]
[Site "Singapore"]
[Date "1990.??.??"]
[Round "?"]
[White "Tiviakov, Sergei"]
[Black "Badev, Kiril"]
[Result "1-0"]
[WhiteElo "2480"]
[BlackElo "2215"]

1.e4 c5 2.Nf3 e6 3.d4 cxd4 4.Nxd4 a6 5.Nc3 Qc7 6.Bd3 Nc6 7.Nxc6 Qxc6 8.O-O d6
9.f4 Nf6 10.Kh1 Qc7 11.Qe2 Be7 12.e5 Nd7 13.exd6 Qxd6 14.Ne4 Qc7 15.f5 Ne5
16.f6 gxf6 17.Nxf6+ Bxf6 18.Rxf6 Nxd3 19.cxd3 Bd7 20.Bf4 Qd8 21.Bg5 Qa5 22.Bh4 Qd5
23.Raf1 Rf8 24.R6f5 Qd6 25.Bg3 Qe7 26.R5f4 Bb5 27.a4 Bc6 28.Qh5 Qd7 29.Qxh7 f5
30.Qh5+ Qf7 31.Qe2 O-O-O 32.Rc4 Rg8 33.Qe3 Qe8 34.Rfc1 Rd5 35.Qb6 Qd8 36.Rxc6+ bxc6
37.Qxc6+  1-0

[Event "Rilton Cup"]
[Site "Stockholm"]
[Date "1990.??.??"]
[Round "9"]
[White "Zapolskis, Antanas"]
[Black "Akesson, Ralf"]
[Result "1-0"]
[WhiteElo "2290"]
[BlackElo "2435"]

1.e4 c5 2.Nf3 e6 3.d4 cxd4 4.Nxd4 a6 5.Nc3 d6 6.Be3 Nf6 7.Bc4 b5 8.Bb3 Bb7
9.O-O Nbd7 10.f4 b4 11.Na4 Bxe4 12.c3 bxc3 13.Nxc3 Bb7 14.f5 e5 15.Ne6 fxe6
16.fxe6 Nc5 17.Rxf6 Qxf6 18.Ba4+ Ke7 19.Bxc5 Qxe6 20.Be3 Kd8 21.Bb6+ Kc8
22.Qc2  1-0

[Event "JUG-Cup"]
[Site "Svetozarevo"]
[Date "1990.??.??"]
[Round "?"]
[White "Aleksic, Nenad"]
[Black "Cabrilo, Goran"]
[Result "0-1"]
[WhiteElo "2415"]
[BlackElo "2480"]

1.e4 c5 2.Nf3 e6 3.Nc3 a6 4.d4 cxd4 5.Nxd4 Qc7 6.g3 Bb4 7.Bd2 Nf6 8.Bg2 Nc6
9.Nxc6 dxc6 10.O-O Be7 11.Be3 O-O 12.f4 e5 13.f5 Qa5 14.Qe2 b5 15.g4 b4 16.Nd1 h6
17.g5 hxg5 18.Bxg5 Qc5+ 19.Kh1 a5 20.Be3 Qb5 21.Qf3 Ba6 22.Re1 Qc4 23.Rc1 Qxa2
24.b3 a4 25.Rg1 Rfd8 26.Qg3 axb3 27.Bf3 Ne8 28.Bh6 Bf6 29.Nf2 Kf8 30.Ng4 b2
31.Nxf6 bxc1=Q 32.Nh7+ Ke7 33.Bxc1 f6 34.Be3 Qxc2 35.Rc1 Qb2 36.Bc5+ Kd7
37.Qg1 Be2 38.Bg2 Ra2 39.Bb6 Rb8 40.Nxf6+ Kc8 41.Qc5 Rxb6 42.Rg1  0-1

[Event "SWZ-GP"]
[Site "?"]
[Date "1990.??.??"]
[Round "1"]
[White "Gallagher, Joseph G"]
[Black "Gheorghiu, Florin"]
[Result "1/2-1/2"]
[WhiteElo "2470"]
[BlackElo "2470"]

1.e4 c5 2.Nf3 e6 3.d4 cxd4 4.Nxd4 a6 5.Nc3 Qc7 6.Bd3 Nf6 7.O-O Nc6 8.Nxc6 dxc6
9.f4 e5 10.f5 Bc5+ 11.Kh1 b5 12.a4 Bb7  1/2-1/2

[Event "SWZ-GP"]
[Site "?"]
[Date "1990.??.??"]
[Round "3"]
[White "Gallagher, Joseph G"]
[Black "Dizdarevic, Emir"]
[Result "1/2-1/2"]
[WhiteElo "2470"]
[BlackElo "2475"]

1.e4 c5 2.Nf3 e6 3.d4 cxd4 4.Nxd4 a6 5.Nc3 Qc7 6.Bd3 Nf6 7.O-O Nc6 8.Nxc6 dxc6
9.f4 e5 10.Kh1 Bd6 11.f5 b5 12.a4 Rb8 13.Be3 Qe7 14.Qf3 Nd7 15.Qh5 Nf6 16.Qg5 Kf8
17.Qh4 h6 18.g4 Kg8 19.Rg1 Bb7 20.g5  1/2-1/2

[Event "Toulouse op"]
[Site "Toulouse"]
[Date "1990.??.??"]
[Round "2"]
[White "Moulain, Jean Pierre"]
[Black "Cvitan, Ognjen"]
[Result "0-1"]
[WhiteElo "2280"]
[BlackElo "2525"]

1.Nf3 c5 2.e4 e6 3.Nc3 a6 4.d4 cxd4 5.Nxd4 d6 6.Be2 Nf6 7.O-O Be7 8.f4 O-O
9.Kh1 Qc7 10.a4 Nc6 11.Nb3 b6 12.Be3 Bb7 13.Bf3 Rfd8 14.Qe2 Rac8 15.Qf2 Nd7
16.Rad1 Nc5 17.Rd2 Bf6 18.Nd4 Nb4 19.Rfd1 Qb8 20.g4 g6 21.g5 Bg7 22.h4 Qa8
23.Qg2 e5 24.Nde2 Re8 25.fxe5 Bxe5 26.Bd4 Bxd4 27.Nxd4 Nxe4 28.Nxe4 Bxe4
29.c3 Bxf3 30.Nxf3 Nc6 31.Rxd6 Re4 32.h5 Rce8 33.hxg6 hxg6 34.Nd2 Rh4+ 35.Kg1 Ne5
36.Qxa8 Rxa8 37.Rd4 Rh5 38.Ne4 Kg7 39.Kg2 Rah8 40.b4 Rh2+ 41.Kg3 R2h3+ 42.Kg2 Re3
43.b5 axb5 44.axb5 Ng4 45.Rg1 Rh2+ 46.Kf1 Rf3+ 47.Ke1 Ne5 48.Kd1 Ra2 49.Re1 Nd3
50.Rg1 Nf2+ 51.Nxf2 Rfxf2 52.Ke1 Rfe2+ 53.Kd1 Rh2 54.Ke1 Rac2 55.c4 Rc1+
56.Rd1 Rxc4 57.Rd7 Rb4 58.Rf1 Rb1+ 59.Rd1 Rxb5 60.Rd7 Rb1+ 61.Rd1 Rxd1+ 62.Kxd1 Rg2
63.Rf6 b5 64.Rb6 Rxg5 65.Ke2 Re5+  0-1

[Event "Vladivostok op"]
[Site "Vladivostok"]
[Date "1990.??.??"]
[Round "?"]
[White "Nevostrujev, Vladimir"]
[Black "Anikaev, Yuri N"]
[Result "1/2-1/2"]
[WhiteElo "2300"]
[BlackElo "2445"]

1.e4 c5 2.Nf3 e6 3.d4 cxd4 4.Nxd4 a6 5.Nc3 d6 6.Be3 b5 7.Qd2 Bb7 8.f3 Nf6
9.g4 h6 10.O-O-O Nbd7 11.Bd3 Ne5 12.h4 b4 13.Na4 d5 14.exd5 Nxd5 15.g5 Qa5
16.b3 O-O-O 17.Qf2 Nxe3 18.Qxe3 Nxd3+ 19.Rxd3 hxg5 20.Rhd1 gxh4 21.Nxe6 Rxd3
22.Rxd3 fxe6 23.Nb6+ Kb8 24.Rd8+ Kc7 25.Rd7+ Kb8 26.Rd8+ Kc7 27.Rd7+  1/2-1/2

[Event "Vrnjacka Banja"]
[Site "Vrnjacka Banja"]
[Date "1990.??.??"]
[Round "2"]
[White "Kaminski, Uwe"]
[Black "Tosic, Miroslav"]
[Result "1-0"]
[WhiteElo "2410"]
[BlackElo "2375"]

1.e4 c5 2.Nf3 e6 3.d4 cxd4 4.Nxd4 a6 5.Nc3 Qc7 6.g3 b6 7.Bg2 Bb7 8.O-O d6
9.Re1 Be7 10.Qh5 g6 11.Qe2 Nd7 12.Be3 h5 13.h3 Ngf6 14.Rad1 Kf8 15.Bc1 Kg7
16.a4 Rac8 17.f4 e5 18.Nf3 Rhe8 19.f5 Rh8 20.fxg6 fxg6 21.Ng5 Nf8 22.Rf1 h4
23.g4 Qd7 24.Be3 Ne6 25.Nxe6+ Qxe6 26.Bxb6 d5 27.Bf2 d4 28.Nd5 Bxd5 29.exd5 Qd6
30.Rfe1 Qb8 31.Bxd4 Bd6 32.Bxe5 Bxe5 33.Qxe5 Rxc2 34.g5 Qxe5 35.Rxe5 Nh5
36.Re7+ Kf8 37.Rde1 Ng7 38.d6 Rd2 39.d7 Rh5 40.Re8+  1-0

[Event "Warsaw Legion op"]
[Site "Warsaw"]
[Date "1990.??.??"]
[Round "?"]
[White "Hass, Roman"]
[Black "Maslanka, Robert"]
[Result "1-0"]
[WhiteElo "2290"]
[BlackElo "2300"]

1.e4 c5 2.Nf3 e6 3.Nc3 a6 4.d4 cxd4 5.Nxd4 Nc6 6.Be2 d6 7.O-O Nf6 8.Be3 Be7
9.f4 O-O 10.Qe1 Bd7 11.Qg3 Nxd4 12.Bxd4 Bc6 13.Bf3 b5 14.Kh1 b4 15.Nd1 Qd7
16.Ne3 Qb7 17.Nc4 Ne8 18.Rfe1 a5 19.Rad1 a4 20.h3 Qc7 21.b3 axb3 22.axb3 Ra2
23.Ra1 Rxc2 24.Bd1 Rc3 25.Bxc3 bxc3 26.Qxc3 Bxe4 27.Qe3 d5 28.Ne5 Bc5 29.Qc1 f6
30.Nd7 Qxd7 31.Qxc5 Qc7 32.Qxc7 Nxc7 33.Be2 Rb8 34.Rec1 Ne8 35.Bd1 Nd6 36.Rc6 Nf5
37.Rxe6 Ne3 38.Bf3 Bxf3 39.Rxe3 Be4 40.Ra7 h5 41.Rc3 Kh7 42.Rg3 Kh6 43.Raxg7 Rxb3
44.Rxb3 Kxg7 45.Kg1 h4 46.Rb8 Kh7 47.Rd8 Kg7 48.Kf2 Kh7 49.Rb8 Kg7 50.Rb2 Kg6
51.Ke3 Kf5 52.Rf2 Ke6 53.Kd4 Kf5 54.Ke3 Ke6 55.Ra2 Kf5 56.Rd2 d4+ 57.Rxd4 Bxg2
58.Rd8 Bxh3 59.Rh8 Kg6 60.Rxh4 Bf5 61.Rh1 Bc8 62.Rc1 Bb7 63.Rc5 Bg2 64.Kd4 Bb7
65.Kc4 Be4 66.Kb5 Kf7 67.Kb6 Ke6 68.Kc7 Ke7 69.Rb5 Bc2 70.Kc8 Bd3 71.Ra5 Be4
72.Ra6 Bd3 73.Rb6 Bc2 74.Kc7 Be4 75.Rd6 Bc2 76.Rd2 Bb1 77.Re2+ Kf7 78.Kd6 Kg6
79.Rb2 Bd3 80.Rd2 Bc4 81.Rc2 Bb3 82.Rc5 Bd1 83.Ke7 Bf3 84.Rb5 f5 85.Rb3 Bd1
86.Rd3 Be2 87.Re3 Bd1 88.Kf8  1-0

[Event "Warsaw Legion op"]
[Site "Warsaw"]
[Date "1990.??.??"]
[Round "?"]
[White "Spyra, Wojciech"]
[Black "Adamski, Jan"]
[Result "0-1"]
[WhiteElo "2265"]
[BlackElo "2410"]

1.e4 c5 2.Nf3 e6 3.d4 cxd4 4.Nxd4 a6 5.Nc3 d6 6.Be3 b5 7.Qd2 Nf6 8.f3 Nbd7
9.g4 h6 10.O-O-O Qc7 11.h4 b4 12.Nce2 d5 13.Ng3 dxe4 14.Nxe4 Nxe4 15.fxe4 Bb7
16.Bd3 Nc5 17.Rhe1 Be7 18.Bf2 Rd8 19.Kb1 Qh2 20.Nf3 Qg2 21.Qe3 Qxg4 22.Ne5 Qh5
23.Bb5+ axb5 24.Rxd8+ Kxd8 25.Qd2+ Ke8 26.Qxb4 Qxe5 27.Qxb5+ Kf8 28.Bxc5 Qxc5
29.Qxb7 g5 30.e5 Kg7 31.Rf1 Rc8 32.c3 Qd5 33.Qxe7 Qd3+  0-1

[Event "Warsaw"]
[Site "Warsaw"]
[Date "1990.??.??"]
[Round "13"]
[White "Gdanski, Jacek"]
[Black "Jasnikowski, Zbigniew"]
[Result "0-1"]
[WhiteElo "2430"]
[BlackElo "2445"]

1.e4 c5 2.Nf3 e6 3.Nc3 a6 4.d4 cxd4 5.Nxd4 d6 6.Bc4 Nf6 7.Bb3 Nbd7 8.Be3 Nc5
9.Qf3 b5 10.O-O-O Bb7 11.Qh3 Nfxe4 12.Nxe4 Bxe4 13.Rhe1 Rc8 14.Re2 Nxb3+
15.axb3 Qf6 16.f3 Bc6 17.g4 Be7 18.g5 Qg6 19.Qg3 O-O 20.h4 h5 21.Kb1 Bb7
22.Bc1 e5 23.Qf2 Rc5 24.f4 exd4 25.Rxe7 Be4 26.Rxd4 Rxc2 27.Rexe4 Rxf2  0-1

[Event "Washington op"]
[Site "Washington"]
[Date "1990.??.??"]
[Round "?"]
[White "Hoyos Millan, Luis Bernardo"]
[Black "Meyer, E."]
[Result "0-1"]
[WhiteElo "2215"]
[BlackElo "2500"]

1.e4 c5 2.Nf3 e6 3.d4 cxd4 4.Nxd4 a6 5.Nc3 Qc7 6.Be2 b5 7.O-O Bb7 8.Bf3 d6
9.Re1 Nd7 10.g3 Ngf6 11.a3 Be7 12.Bg2 O-O 13.h3 Rfe8 14.g4 g6 15.Bg5 Rac8
16.Qd2 Ne5 17.Qf4 Qd8 18.Rad1 Nh5 19.Bxe7 Nxf4 20.Bxd8 Rexd8 21.Bf1 Nc4 22.Bxc4 Rxc4
23.Re3 Kf8 24.Nde2 Nxe2+ 25.Rxe2 Ke7 26.f3 Rdc8 27.Red2 R8c6 28.h4 b4 29.axb4 Rxb4
30.e5 d5 31.Rxd5 Rc7 32.R5d3 Rxb2 33.R1d2 a5 34.Kf2 h5 35.Kg3 Rb4 36.Ne2 hxg4
37.fxg4 Re4 38.h5 gxh5 39.gxh5 Ba6 40.Rd8 Rxe2 41.Rxe2 Bxe2 42.h6 Rc3+ 43.Kh4 Rc4+
44.Kg3 Rg4+ 45.Kh3 Rg6 46.Ra8 Rxh6+ 47.Kg3 Rg6+ 48.Kf2 Bc4 49.Ra7+ Kf8 50.Rxa5 Bd5
51.Rc5 Rg4 52.Rc8+ Kg7 53.Ke3 Rc4 54.Rxc4 Bxc4 55.Kd4 Bd5 56.c4 Bg2 57.Kc5 Kg6
58.Kd6 Kf5  0-1

[Event "Wuppertal (Women)"]
[Site "Wuppertal"]
[Date "1990.??.??"]
[Round "9"]
[White "Ehrke, Anja"]
[Black "Veroci, Zsuzsa"]
[Result "1/2-1/2"]
[WhiteElo "2275"]
[BlackElo "2315"]

1.e4 c5 2.Nf3 e6 3.d4 cxd4 4.Nxd4 a6 5.Nc3 Qc7 6.a3 Nc6 7.Be3 Nf6 8.f4 d6
9.Qf3 Be7 10.Bd3 O-O 11.O-O Nxd4 12.Bxd4 e5 13.Be3 Be6  1/2-1/2

[Event "Wuppertal (Women)"]
[Site "Wuppertal"]
[Date "1990.??.??"]
[Round "10"]
[White "Barthel, Bergit"]
[Black "Veroci, Zsuzsa"]
[Result "1/2-1/2"]
[WhiteElo "2060"]
[BlackElo "2315"]

1.e4 c5 2.Nf3 e6 3.d4 cxd4 4.Nxd4 a6 5.Nc3 Qc7 6.g3 Bb4 7.Bd2 Nf6 8.Bg2 Nc6
9.Nxc6 dxc6 10.O-O O-O 11.a3 Bc5 12.Qe2 e5 13.Na4 Bd6 14.Be3 c5 15.Rfd1 Be7
16.c4 Be6 17.Nc3 Ng4 18.Bd2 Rad8 19.Nd5 Bxd5  1/2-1/2

[Event "Xanthi"]
[Site "Xanthi"]
[Date "1990.??.??"]
[Round "5"]
[White "Pandavos, Panayotis"]
[Black "Velikov, Petar"]
[Result "0-1"]
[WhiteElo "2315"]
[BlackElo "2495"]

1.e4 c5 2.Nf3 e6 3.d4 cxd4 4.Nxd4 a6 5.Nc3 b5 6.Bd3 Bb7 7.O-O d6 8.f4 Nf6
9.a3 Nbd7 10.Kh1 Rc8 11.Qe2 Nc5 12.Bd2 Be7 13.b4 Nxd3 14.cxd3 O-O 15.Rac1 Qd7
16.Be3 Rfe8 17.g4 g6 18.g5 Nh5 19.Qg4 Bf8 20.Kg1 Rc7 21.Nce2 Rxc1 22.Bxc1 Bg7
23.h3 Qd8 24.f5 exf5 25.Nxf5 Bc8 26.Qf3 Bxf5 27.exf5 Qe7 28.Rf2 Qe5 29.fxg6 fxg6
30.Qf7+ Kh8 31.Bb2 Qxg5+ 32.Kf1 Rg8 33.Bxg7+ Nxg7 34.Nf4 Qf5 35.Qd5 Qe5 36.Qxe5 dxe5
37.Nd5 Nf5 38.Nc7 Rd8 39.a4 Rxd3 40.Nxa6 bxa4 41.Nc5 Rxh3 42.Nxa4 Rh4 43.Rb2 Ne3+
44.Kg1 Rd4 45.Nc5 Rxb4 46.Re2 Rc4 47.Nd7  0-1

[Event "Yaroslavl"]
[Site "Yaroslavl"]
[Date "1990.??.??"]
[Round "?"]
[White "Shabanov, Yuri"]
[Black "Vasiukov, Evgeni"]
[Result "1/2-1/2"]
[WhiteElo "2375"]
[BlackElo "2540"]

1.e4 c5 2.Nf3 e6 3.d4 cxd4 4.Nxd4 a6 5.Nc3 Qc7 6.Bd3 Nf6 7.O-O Be7 8.Qe2 d6
9.f4 Nbd7 10.Kh1 b5 11.Bd2 Bb7 12.b4 O-O 13.a4 bxa4 14.Rxa4 Nb6 15.Ra5 d5
16.e5  1/2-1/2

[Event "Yaroslavl"]
[Site "Yaroslavl"]
[Date "1990.??.??"]
[Round "?"]
[White "Lukin, Andrei M"]
[Black "Vasiukov, Evgeni"]
[Result "1/2-1/2"]
[WhiteElo "2470"]
[BlackElo "2540"]

1.e4 c5 2.Nf3 e6 3.d4 cxd4 4.Nxd4 a6 5.Nc3 Qc7 6.Bd3 Nf6 7.O-O d6 8.f4 Nbd7
9.Kh1 b5 10.Qe2 Bb7 11.Bd2 Be7 12.a4 b4 13.Na2 Nc5 14.e5 dxe5 15.fxe5 Nfe4
16.Nxb4 Nxd2 17.Qxd2 Qxe5 18.Nbc6 Qg5 19.Qxg5 Bxg5 20.Be2 Bf6 21.Bf3 Rc8
22.b4 Bxd4 23.Nxd4 Bxf3 24.Rxf3 Nd7 25.b5 Nb8 26.c3 O-O 27.Rb1 g6 28.h3 Rfd8
29.bxa6  1/2-1/2

[Event "JUG-Cup qual"]
[Site "Arandjelovac"]
[Date "1991.??.??"]
[Round "3"]
[White "Jovcic, Milan"]
[Black "Miladinovic, Igor"]
[Result "1-0"]
[WhiteElo "2310"]
[BlackElo "2375"]

1.e4 c5 2.Nf3 e6 3.d4 cxd4 4.Nxd4 a6 5.Nc3 b5 6.Bd3 Ne7 7.O-O Nec6 8.Be3 Be7
9.Nxc6 Nxc6 10.f4 d6 11.a3 O-O 12.Qh5 Bf6 13.e5 g6 14.Qf3 Bb7 15.exf6 Qxf6
16.Ne4 Qe7 17.Qg3 f5  1-0

[Event "JUG-Cup qual"]
[Site "Arandjelovac"]
[Date "1991.??.??"]
[Round "5"]
[White "Jovcic, Milan"]
[Black "Milicevic, Miodrag"]
[Result "0-1"]
[WhiteElo "2310"]
[BlackElo "2285"]

1.e4 c5 2.Nf3 e6 3.d4 cxd4 4.Nxd4 a6 5.Nc3 b5 6.Bd3 Bb7 7.O-O d6 8.Re1 Nf6
9.a4 bxa4 10.Rxa4 Be7 11.Nb3 O-O 12.Na5 Bc8 13.Qe2 Bd7 14.Ra2 Qc7 15.Bd2 Bc8
16.Rea1 Nfd7 17.f4 Nc5 18.Bc4 Nc6 19.Nxc6 Qxc6 20.b4 Nxe4 21.Nxe4 d5 22.Bd3 Bxb4
23.Nf6+ gxf6 24.Qh5 f5 25.Qg5+ Kh8 26.Qf6+ Kg8 27.Bxb4 Qb6+ 28.Kh1 Qxb4 29.Qg5+ Kh8
30.Qf6+ Kg8 31.Qg5+ Kh8 32.Qf6+ Kg8 33.Bxf5 exf5 34.Qg5+ Kh8 35.Qf6+ Kg8
36.Qg5+ Kh8 37.Qf6+ Kg8 38.Ra3 Re8 39.Rg3+ Kf8 40.c3 Qc5 41.Rh3 Re6 42.Qd8+ Kg7
43.Rg3+ Rg6 44.Ra5 Bb7  0-1

[Event "ARG-ch"]
[Site "?"]
[Date "1991.??.??"]
[Round "6"]
[White "Bronstein, Luis"]
[Black "Quinteros, Miguel A"]
[Result "1/2-1/2"]
[WhiteElo "2370"]
[BlackElo "2505"]

1.e4 c5 2.Nf3 e6 3.Nc3 a6 4.d4 cxd4 5.Nxd4 Qc7 6.g3 Bb4 7.Ne2 Nf6 8.Bg2 Be7
9.O-O O-O 10.Nf4 Nc6 11.Nd3 Rd8 12.Bf4 d6 13.a4 Bd7 14.g4 Ne5 15.g5 Ne8 16.Bc1 Nc4
17.Kh1 b5 18.f4 Bc6 19.Qg4 Qb7 20.f5 exf5 21.Qxf5 Bf8 22.axb5 axb5 23.Rxa8 Rxa8
24.b3 g6 25.Qf2 Ne5 26.Nb4 Bd7 27.Ncd5 Be6 28.Nf6+ Nxf6 29.gxf6 h6 30.Nd5 Bxd5
31.exd5 Ra1 32.Bb2 Rxf1+ 33.Qxf1 b4 34.Qe2 Qc7 35.Bd4 h5 36.Be4 Qc8 37.Qg2 Kh7
38.Qg5 Qh3 39.Bg2 Qd7 40.Be4 Qh3 41.Bg2 Qc8 42.Be4 Qh3  1/2-1/2

[Event "AUT-ch"]
[Site "?"]
[Date "1991.??.??"]
[Round "?"]
[White "Dueckstein, Andreas"]
[Black "Sinowjew, Juri"]
[Result "1/2-1/2"]
[WhiteElo "2375"]
[BlackElo "2305"]

1.e4 c5 2.Nf3 e6 3.d4 cxd4 4.Nxd4 a6 5.Nc3 Nc6 6.Be3 Nf6 7.Bd3 e5 8.Nf3 d5
9.exd5 Nxd5 10.Nxd5 Qxd5 11.Qe2 Be7 12.Bc4 Qa5+ 13.c3 O-O 14.Ng5 Nd4 15.Bxd4 Bxg5
16.Be3 Bxe3 17.Qxe3 Bd7 18.O-O Bc6 19.Rfe1 Rae8 20.Rad1 Kh8 21.b4 Qc7 22.Qc5 f6
23.Rd6 Rc8 24.Rd3 Ba4 25.Qxc7 Rxc7 26.Bb3 Bb5 27.Rde3 Rd8 28.g3 g5 29.Rd1 Rxd1+
30.Bxd1 Rd7 31.Bb3 Bc6 32.g4 h5 33.h3 hxg4 34.hxg4 Rh7  1/2-1/2

[Event "AUT-chT playoff"]
[Site "?"]
[Date "1991.??.??"]
[Round "?"]
[White "Schuh, Franz"]
[Black "Klinger, Josef"]
[Result "1/2-1/2"]
[WhiteElo "2355"]
[BlackElo "2470"]

1.e4 c5 2.Nf3 e6 3.d4 cxd4 4.Nxd4 a6 5.Nc3 Qc7 6.Be2 Nc6 7.O-O Nf6 8.Be3 Nxd4
9.Qxd4 Bd6 10.f4 e5 11.Qd2 O-O 12.Rad1 Bc5 13.fxe5 Qxe5 14.Rf5 Bxe3+ 15.Qxe3 Qe6  1/2-1/2

[Event "AUT-chT"]
[Site "?"]
[Date "1991.??.??"]
[Round "?"]
[White "Felsberger, Alfred"]
[Black "Kaspret, Guido"]
[Result "1-0"]
[WhiteElo "2315"]
[BlackElo "2310"]

1.e4 c5 2.Nf3 e6 3.d4 cxd4 4.Nxd4 a6 5.Nc3 Qc7 6.Be2 Nc6 7.O-O Nf6 8.Kh1 Nxd4
9.Qxd4 Bc5 10.Qd3 b5 11.f4 Bb7 12.Bf3 b4 13.e5 bxc3 14.exf6 gxf6 15.Qxc3 Bxf3
16.Rxf3 Ke7 17.b3 Bd6 18.Qd2 Rac8 19.c4 Rhg8 20.Bb2 Rg4 21.Rd1 Rcg8 22.g3 Qc6
23.Qxd6+ Qxd6 24.Bxf6+ Kxf6 25.Rxd6  1-0

[Event "Bad Woerishofen op"]
[Site "Bad Woerishofen"]
[Date "1991.??.??"]
[Round "2"]
[White "Klein, M."]
[Black "Farago, Ivan"]
[Result "1-0"]
[WhiteElo "2275"]
[BlackElo "2495"]

1.e4 c5 2.Nf3 e6 3.d4 cxd4 4.Nxd4 a6 5.Nc3 Qc7 6.Bd3 Nc6 7.Be3 Nf6 8.O-O Ne5
9.h3 b5 10.f4 Nc4 11.Bxc4 Qxc4 12.Qd3 Bb7 13.a4 Qxd3 14.cxd3 b4 15.Nce2 Bc5
16.Rfc1 d6 17.Kf2 Kd7 18.Nb3 Bxe3+ 19.Kxe3 Rac8 20.Ned4 h6 21.Na5 Ba8 22.Nc4 Rb8
23.a5 Rhd8 24.Nb6+ Ke8 25.Nc6 Bxc6 26.Rxc6 d5 27.e5 Ng8 28.Rac1 Ne7 29.Rc7 d4+
30.Ke4 g5 31.Ra7 Nc8 32.Rxa6 gxf4 33.Rc7 b3 34.Kxf4 Nxb6 35.axb6 Rd7 36.Raa7 Rxc7
37.bxc7 Rc8 38.Ke4 Kd7 39.Kxd4 Kc6 40.Ra4  1-0

[Event "Baku"]
[Site "Baku"]
[Date "1991.??.??"]
[Round "?"]
[White "Shur, Mikhail"]
[Black "Sideif Sade, Fikret I"]
[Result "1/2-1/2"]
[WhiteElo "2345"]
[BlackElo "2415"]

1.e4 c5 2.Nf3 e6 3.d4 cxd4 4.Nxd4 a6 5.Nc3 Qc7 6.Be2 b5 7.f4 Bb7 8.Bf3 Nc6
9.Be3 Nf6 10.e5 b4 11.Ncb5 axb5 12.exf6 Nxd4 13.Bxd4 gxf6 14.Bxf6 Rg8 15.O-O Rc8
16.f5 Bd6 17.fxe6 dxe6 18.Qd3 Bxf3 19.Rxf3 Qxc2 20.Qxb5+ Kf8 21.Qf1 Rc4 22.g3 Rc7  1/2-1/2

[Event "JUG-ch"]
[Site "Banja Vrucica"]
[Date "1991.??.??"]
[Round "?"]
[White "Knezevic, Bojan"]
[Black "Bistric, Faruk"]
[Result "1-0"]
[WhiteElo "2370"]
[BlackElo "2330"]

1.e4 c5 2.Nf3 e6 3.Nc3 a6 4.d4 cxd4 5.Nxd4 d6 6.Be2 Nf6 7.O-O Be7 8.f4 Qc7
9.Qe1 O-O 10.Qg3 Qb6 11.Be3 Qxb2 12.Bf2 Qb4 13.e5 dxe5 14.fxe5 Ne8 15.Nb3 Qa3
16.Be3 Nc6 17.Rf4 Nxe5 18.Ra4 Qb2 19.Bd4 Nc6 20.Rb1 Qxc2 21.Bd3 Bh4 22.Bxc2 Bxg3
23.hxg3 Nxd4 24.Rxd4 Nf6 25.Nc5 b5 26.Be4 Ra7 27.Bf3 Rc7 28.N5e4 e5 29.Nxf6+ gxf6
30.Nd5 Rc2 31.Nxf6+ Kg7 32.Nh5+ Kh6 33.Rd6+ Be6 34.Rxa6 Rxa2 35.Rxa2 Bxa2
36.Rxb5 f6 37.g4 Kg5 38.Ng3 Kf4 39.Kf2 Be6 40.Rb6 Bc8 41.Rb4+ Kg5 42.Rb8 Re8
43.Ne4+  1-0

[Event "JUG-ch"]
[Site "Banja Vrucica"]
[Date "1991.??.??"]
[Round "?"]
[White "Sibarevic, Milenko"]
[Black "Miladinovic, Igor"]
[Result "1/2-1/2"]
[WhiteElo "2370"]
[BlackElo "2375"]

1.e4 c5 2.Nf3 e6 3.d4 cxd4 4.Nxd4 a6 5.Nc3 b5 6.Bd3 Qc7 7.O-O Nf6 8.Re1 Bc5
9.Be3 d6 10.Bxb5+ axb5 11.Ndxb5 Qc6 12.Bxc5 dxc5 13.e5 Ng8 14.Qd6 Qxd6 15.Nxd6+ Kd7
16.Nxf7 Ke7 17.Nxh8 Nh6 18.Re4 Bd7 19.Rc4 Na6 20.Rd1 Rxh8 21.Ne4 Rc8 22.a4 Bc6
23.Nd6 Rb8 24.b3 Bd5 25.Rf4 Bc6 26.g4 Nb4 27.g5 Nf5 28.Nxf5+ exf5 29.Rd6 Be4
30.f3 Bxc2 31.Rc4 Bxb3 32.Rxc5 Bxa4 33.Rc7+ Kf8 34.g6 hxg6 35.Rxg6 Nd3 36.Rgxg7 Rb1+
37.Kg2 Nf4+ 38.Kf2 Rb2+ 39.Kg1 Rb1+ 40.Kf2 Rb2+ 41.Kg1 Nh3+ 42.Kf1 Bb5+ 43.Ke1 Re2+
44.Kd1 Nf2+ 45.Kc1 Nd3+ 46.Kb1 Re1+ 47.Kc2 Re2+ 48.Kc3 Nxe5 49.f4 Nd7 50.Rg5 Ke7
51.Rxf5 Kd6 52.Rc8 Bc6 53.Rg5 Re6 54.f5 Rf6 55.Kd4 Ne5 56.Rh5 Bd7 57.Ra8 Bxf5
58.Ra6+ Nc6+ 59.Rxc6+ Kxc6 60.Ke5 Bg6  1/2-1/2

[Event "JUG-ch"]
[Site "Banja Vrucica"]
[Date "1991.??.??"]
[Round "?"]
[White "Todorovic, Goran M"]
[Black "Bistric, Faruk"]
[Result "0-1"]
[WhiteElo "2490"]
[BlackElo "2330"]

1.e4 c5 2.Nf3 e6 3.d4 cxd4 4.Nxd4 a6 5.Nc3 d6 6.Bd3 Nf6 7.f4 Qb6 8.a3 Nc6
9.Be3 Bd7 10.Nf5 Qc7 11.Ng3 Na5 12.Qe2 Rc8 13.O-O Nc4 14.Bd4 Nxb2 15.Nd5 exd5
16.exd5+ Kd8 17.c4 Na4 18.Rfe1 Nc5 19.Rab1 Qa5 20.Rec1 Be7 21.Kh1 Rb8 22.Bc3 Qc7
23.Qd2 b6 24.Bd4 Re8 25.Qc3 Kc8 26.a4 a5 27.Bc2 Ra8 28.Rb3 Kb7 29.Rcb1 Ra6
30.h3 Bd8 31.Nf5 Bxf5 32.Bxf5 Nfe4 33.Qf3 Bf6 34.Bxf6 Nxf6 35.Bc2 Qe7 36.Qg3 g6
37.Qh4 Kc7 38.Kh2 Nxd5 39.Qf2 Nf6 40.Rf1 Qe2  0-1

[Event "JUG-ch"]
[Site "Banja Vrucica"]
[Date "1991.??.??"]
[Round "?"]
[White "Brenjo, Slavisa"]
[Black "Miladinovic, Igor"]
[Result "1/2-1/2"]
[WhiteElo "2320"]
[BlackElo "2375"]

1.e4 c5 2.Nf3 e6 3.d4 cxd4 4.Nxd4 a6 5.Nc3 Qc7 6.g3 Nf6 7.Bg2 Be7 8.O-O d6
9.a4 O-O 10.Be3 Bd7 11.g4 d5 12.exd5 exd5 13.h3 h6 14.Nxd5 Nxd5 15.Bxd5 Nc6
16.Nf5 Bxf5 17.gxf5 Qe5 18.Qf3 Rad8 19.c4 Nb4 20.Bxb7 Bd6 21.Qg2 Nc2 22.Rad1 Nxe3
23.fxe3 Rb8 24.Rf2 Bc5 25.Kh1 Qxe3 26.Rfd2 Rfe8 27.Bf3  1/2-1/2

[Event "JUG-ch"]
[Site "Banja Vrucica"]
[Date "1991.??.??"]
[Round "?"]
[White "Brenjo, Slavisa"]
[Black "Bistric, Faruk"]
[Result "1-0"]
[WhiteElo "2320"]
[BlackElo "2330"]

1.e4 c5 2.Nf3 e6 3.d4 cxd4 4.Nxd4 a6 5.Nc3 Qc7 6.Be2 b5 7.O-O Bb7 8.Bf3 d6
9.a4 b4 10.Na2 Nf6 11.Re1 Nbd7 12.Nxb4 Ne5 13.c3 Be7 14.a5 O-O 15.Bg5 Rfd8
16.Bxf6 Bxf6 17.Be2 Nd7 18.Bd3 Nc5 19.Bc2 Rab8 20.Nf3 g6 21.Qe2 Rdc8 22.h3 Bg7
23.Qe3 Rd8 24.Nd4 Rdc8 25.Red1 Bf6 26.Qe2 Kg7 27.Nb3 Kg8 28.Nd2 Rd8 29.Nf3 Ba8
30.Ra2 Bb7 31.Re1 Bg7 32.Nd2 d5 33.exd5 exd5 34.Nd3 d4 35.c4 Ba8 36.Nf3 Nxd3
37.Bxd3 Bc6 38.Rb1 Rb4 39.c5 Re8 40.Qd2 Rb3 41.Bc4 Rbb8 42.Ra3 Be4 43.Rc1 d3
44.b4 Bxf3 45.Rxd3 Bc6 46.Bxa6 Bxg2 47.c6 Bxc6 48.b5 Red8 49.b6 Qe7 50.Rxc6 Be5
51.Rxd8+ Rxd8 52.Qxd8+ Qxd8 53.Rc8 Qxc8 54.Bxc8 Bd4 55.Kf1 Kf8 56.Ke2 Ke7
57.f3 Kd6 58.Kd3 Bf2 59.Kc4 Kc6 60.f4 Be1 61.b7 Kc7 62.a6 Bf2 63.Kd5 Ba7
64.Ke5 Kd8 65.Kd6  1-0

[Event "JUG-ch"]
[Site "Banja Vrucica"]
[Date "1991.??.??"]
[Round "?"]
[White "Mujagic, Ramo"]
[Black "Dizdarevic, Emir"]
[Result "1-0"]
[WhiteElo "2315"]
[BlackElo "2505"]

1.e4 c5 2.Nf3 e6 3.Nc3 a6 4.d4 cxd4 5.Nxd4 Qc7 6.g3 Bb4 7.Ne2 Be7 8.Bg2 Nf6
9.O-O Nc6 10.h3 d6 11.Nd4 Bd7 12.Re1 O-O 13.Nxc6 Bxc6 14.a4 b5 15.Bf4 b4
16.Nb1 Qb7 17.Nd2 d5 18.e5 Nd7 19.Nb3 Nc5 20.Na5 Qc7 21.Nxc6 Qxc6 22.b3 Rac8
23.Qe2 a5 24.Rad1 Nd7 25.Rc1 Bc5 26.Qg4 Qb6 27.Re2 Kh8 28.Bxd5 Bd4 29.Bc4 Rc5
30.Rce1 Bc3 31.Rd1 Nxe5 32.Bxe5 Bxe5 33.Rd7 h6 34.h4 Bc3 35.Qe4 Kg8 36.Kg2 Rc7
37.Rxc7 Qxc7 38.h5 Rd8 39.Bd3 Rd5 40.Qxd5  1-0